"I/J/K" Cities in the United States - Statistics

General Stats
  • This quiz has been taken 68 times
  • The average score is 10 of 15
Answer Stats
State Population Answer % Correct
Indiana 887,642 Indianapolis
95%
Mississippi 153,701 Jackson
94%
Florida 949,611 Jacksonville
92%
Missouri 508,090 Kansas City
92%
Kansas 156,607 Kansas City
92%
New Jersey 292,449 Jersey City
81%
Tennessee 190,740 Knoxville
66%
California 307,670 Irvine
64%
Texas 256,684 Irving
63%
Illinois 150,362 Joliet
61%
Missouri 123,011 Independence
44%
Washington 136,588 Kent
41%
Texas 153,095 Killeen
41%
California 107,762 Inglewood
38%
California 105,053 Jurupa Valley
20%
No matching quizzes found
Score Distribution
Percent of People with Each Score
Percentile by Number Answered
Your Score History
You have not taken this quiz